[Event "Chigorin Memorial"]
[Site "St Petersburg"]
[Date "2015.10.09"]
[Round "7.121"]
[White "Nazarova, Anastasia"]
[Black "Zherebtsova, Alexandra"]
[Result "1-0"]
[WhiteElo "1941"]
[BlackElo "2181"]
[PlyCount "95"]
[EventDate "2015.10.03"]
[EventRounds "9"]
[EventCountry "RUS"]

1. e4 e5 2. Nf3 Nc6 3. Bb5 a6 4. Ba4 Nf6 5. d3 b5 6. Bb3 Be7 7. O-O O-O 8. c3
d6 9. Nbd2 Bb7 10. Re1 Re8 11. Nf1 Bf8 12. Ng3 Na5 13. Bc2 g6 14. h3 Bg7 15.
Nh2 c5 16. f4 exf4 17. Bxf4 d5 18. e5 Nd7 19. d4 cxd4 20. cxd4 Qb6 21. Kh1 Nf8
22. Ng4 Ne6 23. Ne2 Nxf4 24. Nxf4 Nc4 25. Rb1 h5 26. e6 f5 27. Ne5 Nxe5 28.
dxe5 Qf2 29. Rf1 Qg3 30. Rf3 Qg5 31. Qd4 Rac8 32. Bd3 Bf8 33. b4 Bg7 34. Re1
Qh6 35. Qb6 Ba8 36. Qa7 Rf8 37. e7 Rfe8 38. Qd7 d4 39. Rf2 g5 40. Ne6 Bc6 41.
Qd6 Be4 42. Bxe4 fxe4 43. Rxe4 g4 44. Re1 Rc1 45. Ref1 g3 46. Rf7 Rxf1+ 47.
Rxf1 Kh7 48. Nc7 1-0

[Event "Chigorin Memorial"]
[Site "St Petersburg"]
[Date "2015.10.09"]
[Round "7.122"]
[White "Yudkevich, Mikhail"]
[Black "Vinod, G."]
[Result "1-0"]
[WhiteElo "2154"]
[BlackElo "1990"]
[PlyCount "99"]
[EventDate "2015.10.03"]
[EventRounds "9"]
[EventCountry "RUS"]

1. Nf3 Nf6 2. c4 c6 3. b3 d5 4. Bb2 Bf5 5. e3 e6 6. Be2 Bd6 7. O-O h6 8. Nc3
Nbd7 9. Rc1 O-O 10. Nd4 Bh7 11. cxd5 exd5 12. f4 Nc5 13. d3 Re8 14. Qd2 Ne6 15.
Nd1 Qe7 16. Nxe6 Qxe6 17. Bf3 Re7 18. Bd4 a5 19. Nf2 Bb4 20. Qb2 Rae8 21. g3
Nd7 22. a3 Bd6 23. e4 dxe4 24. dxe4 f5 25. e5 Bc7 26. Nd3 g5 27. Rfd1 Rg7 28.
Kh1 Bg6 29. b4 axb4 30. Nxb4 gxf4 31. gxf4 Bf7 32. Qf2 Qe7 33. Rg1 Be6 34. Be3
Kh7 35. Rxg7+ Qxg7 36. Nc2 Bxe5 37. fxe5 Nxe5 38. Bd4 Qg5 39. Rg1 Ng4 40. Qg3
Bd5 41. Bxd5 cxd5 42. h3 Rc8 43. Ne1 Qh5 44. Nf3 Rc2 45. Rf1 b5 46. Kg1 Rc4 47.
Re1 Qf7 48. hxg4 f4 49. Ne5 Qg7 50. Qd3+ 1-0

[Event "Chigorin Memorial"]
[Site "St Petersburg"]
[Date "2015.10.09"]
[Round "7.123"]
[White "Svidinsky, Dmitry"]
[Black "Khmelev, Mikhail"]
[Result "1/2-1/2"]
[WhiteElo "2147"]
[BlackElo "1988"]
[PlyCount "111"]
[EventDate "2015.10.03"]
[EventRounds "9"]
[EventCountry "RUS"]

1. Nf3 Nf6 2. d4 d5 3. c4 e6 4. Nc3 c5 5. cxd5 Nxd5 6. e3 Nxc3 7. bxc3 Nc6 8.
Bd3 cxd4 9. exd4 Bd6 10. O-O h6 11. c4 O-O 12. Bb2 Re8 13. Qe2 Be7 14. Rad1 Bd7
15. Qe4 g6 16. Qf4 Bg5 17. Nxg5 Qxg5 18. Qxg5 hxg5 19. Rfe1 Nb4 20. Bb1 Rac8
21. Rc1 b5 22. a3 Na6 23. cxb5 Bxb5 24. Be4 Rc7 25. d5 Rxc1 26. Rxc1 f5 27. Bb1
exd5 28. h3 Bc4 29. Bd4 Re7 30. g4 fxg4 31. hxg4 Kf7 32. Kg2 Nb8 33. Bc5 Rb7
34. Rh1 Nd7 35. Bd4 Nf6 36. Bc2 Re7 37. Rh6 Re2 38. Rxg6 Nxg4 39. Bf5 Rd2 40.
Rg7+ Kf8 41. Rxg5 Rxd4 42. Rxg4 Rd2 43. Rf4 Ke7 44. Kf3 Ra2 45. Ke3 Rxa3+ 46.
Kd4 Ra1 47. Bg6 a5 48. Rf7+ Ke6 49. f4 Rd1+ 50. Kc5 Bd3 51. f5+ Bxf5 52. Rxf5
Rc1+ 53. Kd4 Rc4+ 54. Kd3 Rg4 55. Bh7 Rh4 56. Bg6 1/2-1/2

[Event "Chigorin Memorial"]
[Site "St Petersburg"]
[Date "2015.10.09"]
[Round "7.124"]
[White "Kokhnover, Ilya"]
[Black "Feduk, Viktor"]
[Result "1/2-1/2"]
[WhiteElo "1925"]
[BlackElo "2136"]
[PlyCount "96"]
[EventDate "2015.10.03"]
[EventRounds "9"]
[EventCountry "RUS"]

1. e4 e5 2. Nf3 Nc6 3. Bb5 a6 4. Ba4 Nf6 5. O-O b5 6. Bb3 Be7 7. Re1 d6 8. c3
O-O 9. h3 Na5 10. Bc2 c5 11. d4 Qc7 12. Nbd2 cxd4 13. cxd4 Nc6 14. Nb3 a5 15.
Be3 a4 16. Nbd2 Bd7 17. Rc1 Qb7 18. Bd3 exd4 19. Nxd4 Ne5 20. Bb1 Rfc8 21. Qe2
Rxc1 22. Rxc1 Rc8 23. Rxc8+ Qxc8 24. Nf1 Nc4 25. Bd3 Nxe3 26. Nxe3 Qc1+ 27. Kh2
Qc5 28. Nef5 Bf8 29. Nxb5 Bxb5 30. Bxb5 Nxe4 31. Ng3 Nxf2 32. Bxa4 d5 33. Bb3
g6 34. Qf3 f5 35. Qxd5+ Qxd5 36. Bxd5+ Kg7 37. Ne2 Nd3 38. a4 Nxb2 39. a5 Bc5
40. Nc3 g5 41. a6 h5 42. Nb5 Nd3 43. a7 Bxa7 44. Nxa7 Nf4 45. Bc4 h4 46. Nb5 g4
47. Nd4 Kf6 48. Ne2 Ng6 1/2-1/2

[Event "Chigorin Memorial"]
[Site "St Petersburg"]
[Date "2015.10.09"]
[Round "7.125"]
[White "Ivanov, Rostislav"]
[Black "Tskhadadze, Anna"]
[Result "1-0"]
[WhiteElo "2134"]
[BlackElo "1988"]
[PlyCount "79"]
[EventDate "2015.10.03"]
[EventRounds "9"]
[EventCountry "RUS"]

1. e4 c6 2. d4 d5 3. e5 Bf5 4. Nc3 Qb6 5. a3 Bd7 6. b4 e6 7. Be3 a5 8. bxa5
Qxa5 9. Bd2 Qc7 10. a4 c5 11. Nb5 Bxb5 12. Bxb5+ Nc6 13. c3 Nge7 14. Nf3 c4 15.
O-O Nc8 16. Ng5 Be7 17. Qh5 Bxg5 18. Qxg5 O-O 19. Qg4 Kh8 20. Bc1 f5 21. exf6
Rxf6 22. Bg5 Rg6 23. Qh4 Nd6 24. Bf4 Qd7 25. Be5 Rf8 26. f4 Nxb5 27. axb5 Nxe5
28. fxe5 Rxf1+ 29. Rxf1 h6 30. Rf8+ Kh7 31. Qd8 Qxd8 32. Rxd8 Rg4 33. g3 Kg6
34. Rb8 Kf5 35. Rxb7 Ke4 36. Rf7 Kd3 37. Rf3+ Kd2 38. b6 Re4 39. b7 Re1+ 40.
Rf1 1-0

[Event "Chigorin Memorial"]
[Site "St Petersburg"]
[Date "2015.10.09"]
[Round "7.126"]
[White "Altshul, Raffael"]
[Black "Yakimenko, Viktoria"]
[Result "1/2-1/2"]
[WhiteElo "2130"]
[BlackElo "1974"]
[PlyCount "91"]
[EventDate "2015.10.03"]
[EventRounds "9"]
[EventCountry "RUS"]

1. c4 Nf6 2. g3 c6 3. Bg2 d5 4. Qa4 Nbd7 5. cxd5 Nxd5 6. Nf3 g6 7. O-O Bg7 8.
d4 O-O 9. e4 N7b6 10. Qc2 Nb4 11. Qd2 Na6 12. h3 c5 13. d5 e6 14. Rd1 exd5 15.
exd5 Nb4 16. Nc3 Bf5 17. Nh4 Bc2 18. Re1 Qd7 19. Bf1 c4 20. a3 Nd3 21. Re3 Bb3
22. Bxd3 cxd3 23. Qxd3 Qxh3 24. d6 Rad8 25. Re1 Rd7 26. Bg5 f6 27. Be3 Bc4 28.
Qc2 Nd5 29. Rad1 Nxe3 30. Rxe3 f5 31. Nd5 Bxd5 32. Rxd5 f4 33. Rf3 fxg3 34.
Rxf8+ Bxf8 35. fxg3 Qxg3+ 36. Ng2 Rxd6 37. Qc4 Kh8 38. Qd4+ Bg7 39. Qe4 Rf6 40.
Rd8+ Rf8 41. Rxf8+ Bxf8 42. Qd4+ Kg8 43. Qd5+ Kh8 44. Qd4+ Kg8 45. Qd5+ Kh8 46.
Qd4+ 1/2-1/2

[Event "Chigorin Memorial"]
[Site "St Petersburg"]
[Date "2015.10.09"]
[Round "7.127"]
[White "Yashmetov, Mikhail"]
[Black "Yakovlev, Yuri S"]
[Result "1-0"]
[WhiteElo "2123"]
[BlackElo "1971"]
[PlyCount "93"]
[EventDate "2015.10.03"]
[EventRounds "9"]
[EventCountry "RUS"]

1. d4 d5 2. c4 c6 3. Nf3 Nf6 4. g3 Bf5 5. Bg2 e6 6. O-O Nbd7 7. Nc3 Be7 8. Bf4
Nh5 9. Bd2 g5 10. cxd5 cxd5 11. Ne5 Nxe5 12. dxe5 g4 13. e4 dxe4 14. Nxe4 O-O
15. Qe2 Qc7 16. Bc3 Kh8 17. Nd6 Ng7 18. Rfd1 h5 19. Qe3 Kh7 20. Bd2 Bg6 21. Be4
Nf5 22. Bxf5 exf5 23. Rac1 Qd7 24. Qh6+ Kg8 25. Bc3 Qe6 26. Nxb7 Rfb8 27. Na5
Bf8 28. Qg5 Be7 29. Qf4 Rd8 30. Nb3 Bh7 31. Nd4 Qg6 32. e6 Bd6 33. Qe3 f4 34.
gxf4 Qe4 35. Qxe4 Bxe4 36. Re1 Bxf4 37. Rcd1 Bf3 38. e7 Re8 39. Nxf3 gxf3 40.
Rd3 Bg5 41. Rxf3 Rxe7 42. Rg3 Rxe1+ 43. Bxe1 f6 44. h4 Kf7 45. hxg5 h4 46. Rg4
Rd8 47. Bc3 1-0

[Event "Chigorin Memorial"]
[Site "St Petersburg"]
[Date "2015.10.09"]
[Round "7.128"]
[White "Smirnov, Mikhail"]
[Black "Sheynin, Izrail"]
[Result "0-1"]
[WhiteElo "2115"]
[BlackElo "1957"]
[PlyCount "70"]
[EventDate "2015.10.03"]
[EventRounds "9"]
[EventCountry "RUS"]

1. e4 d5 2. exd5 Qxd5 3. Nc3 Qa5 4. Nf3 Nf6 5. d4 Bg4 6. h3 Bh5 7. g4 Bg6 8.
Ne5 e6 9. Nc4 Qa6 10. Bf4 Qc6 11. f3 Bb4 12. Kf2 Bxc3 13. bxc3 Nd5 14. Bd2 Nd7
15. a4 O-O 16. h4 h5 17. Na5 Qb6 18. Nc4 Qc6 19. gxh5 Bxh5 20. Na5 Nxc3 21.
Nxc6 Nxd1+ 22. Rxd1 bxc6 23. Bf4 Nf6 24. c4 Rab8 25. Bd3 Rb2+ 26. Ke3 Rb3 27.
Rb1 Rfb8 28. Rxb3 Rxb3 29. Bxc7 Bxf3 30. Rb1 Rxd3+ 31. Kf4 Nh5+ 32. Ke5 f6+ 33.
Kxe6 Rxd4 34. Rb8+ Kh7 35. a5 Bg4+ 0-1

[Event "Chigorin Memorial"]
[Site "St Petersburg"]
[Date "2015.10.09"]
[Round "7.129"]
[White "Ivanov, Artem"]
[Black "Yakimenko, Anastasia"]
[Result "1/2-1/2"]
[WhiteElo "1898"]
[BlackElo "2115"]
[PlyCount "76"]
[EventDate "2015.10.03"]
[EventRounds "9"]
[EventCountry "RUS"]

1. e4 c5 2. Nf3 e6 3. d4 cxd4 4. Nxd4 a6 5. Nc3 Qc7 6. Be3 Nf6 7. Qd2 b5 8. f3
Bb7 9. Bd3 Be7 10. Nce2 d5 11. e5 Nfd7 12. f4 Nc5 13. O-O Nbd7 14. b4 Ne4 15.
Bxe4 dxe4 16. f5 Qxe5 17. fxe6 fxe6 18. a3 Nf6 19. Nf4 Bd5 20. Nxd5 Qxd5 21.
Qe2 Qd7 22. Rad1 Qc8 23. Bg5 O-O 24. Bxf6 Bxf6 25. Qxe4 e5 26. Nc6 Qe6 27. Na5
Rac8 28. Rd3 g6 29. Rg3 Rc7 30. Rgf3 Qb6+ 31. Kh1 Kg7 32. Nb3 Qc6 33. Qg4 Qd7
34. Qe4 Qc6 35. Qg4 Qd7 36. Qe4 Qc6 37. Qg4 Qd7 38. Qe4 Qc6 1/2-1/2

[Event "Chigorin Memorial"]
[Site "St Petersburg"]
[Date "2015.10.09"]
[Round "7.130"]
[White "Savinov, Leonid"]
[Black "Machlik, Edit"]
[Result "0-1"]
[WhiteElo "2110"]
[BlackElo "1946"]
[PlyCount "70"]
[EventDate "2015.10.03"]
[EventRounds "9"]
[EventCountry "RUS"]

1. e4 c6 2. d4 d5 3. e5 c5 4. Nf3 Nc6 5. Bb5 Bg4 6. O-O e6 7. c4 a6 8. Bxc6+
bxc6 9. Qa4 Qd7 10. Nbd2 Nh6 11. h3 Bxf3 12. Nxf3 Nf5 13. dxc5 Bxc5 14. Rd1 O-O
15. cxd5 exd5 16. Bf4 Rfc8 17. Rac1 Ba7 18. b4 Bb6 19. a3 a5 20. Qb3 axb4 21.
axb4 Qb7 22. Qd3 g6 23. Rc2 Ra4 24. g4 Rxb4 25. Bd2 Rb3 26. Rc3 Rxc3 27. Bxc3
Ng7 28. e6 Nxe6 29. Qd2 d4 30. Nxd4 Bxd4 31. Bxd4 Rd8 32. Qe1 Qd7 33. Qc3 Nxd4
34. Kg2 Qd5+ 35. f3 c5 0-1

[Event "Chigorin Memorial"]
[Site "St Petersburg"]
[Date "2015.10.09"]
[Round "7.131"]
[White "Eryshkanova, Anastasiya"]
[Black "Petrochenko, Maria"]
[Result "1-0"]
[WhiteElo "2108"]
[BlackElo "1947"]
[PlyCount "79"]
[EventDate "2015.10.03"]
[EventRounds "9"]
[EventCountry "RUS"]

1. c4 c6 2. Nf3 d5 3. e3 Nf6 4. Nc3 e6 5. Qc2 Nbd7 6. d4 Bd6 7. b3 O-O 8. Bb2
dxc4 9. bxc4 e5 10. Be2 Re8 11. O-O b6 12. Rfd1 Qc7 13. h3 Bb7 14. a4 a5 15.
Rab1 Rad8 16. Qb3 exd4 17. exd4 Bb4 18. Bd3 Ba8 19. Na2 Bf8 20. Qc2 g6 21. Nc1
Bg7 22. Bc3 Nh5 23. Nb3 c5 24. d5 Bxc3 25. Qxc3 Nf4 26. Nbd2 Nxd3 27. Qxd3 f5
28. Ng5 Qd6 29. Qb3 Rb8 30. Re1 Bb7 31. Ndf3 h6 32. Ne6 Bc8 33. Qc3 Re7 34. Nh4
Kh7 35. Re3 Ba6 36. Rbe1 Rbe8 37. Nxg6 Rf7 38. Nh4 Rg8 39. Nxf5 Qb8 40. Qd3 1-0

[Event "Chigorin Memorial"]
[Site "St Petersburg"]
[Date "2015.10.09"]
[Round "7.132"]
[White "Komarov, Alexey"]
[Black "Veselov, Andrey"]
[Result "0-1"]
[WhiteElo "1921"]
[BlackElo "2105"]
[PlyCount "114"]
[EventDate "2015.10.03"]
[EventRounds "9"]
[EventCountry "RUS"]

1. c4 e5 2. Nc3 Nf6 3. Nf3 Nc6 4. g3 d5 5. cxd5 Nxd5 6. Bg2 Nb6 7. O-O Be7 8.
a3 a5 9. d3 O-O 10. Be3 Ra6 11. b3 f5 12. d4 f4 13. gxf4 exf4 14. Bc1 Be6 15.
Bb2 Nd5 16. Re1 Nxc3 17. Bxc3 Rb6 18. Rb1 Bxa3 19. e4 fxe3 20. fxe3 Bg4 21. e4
Bb4 22. Rc1 Bxf3 23. Bxf3 Bxc3 24. Rxc3 Nxd4 25. Bg2 Rg6 26. Rg3 Rxg3 27. hxg3
c5 28. Qg4 b5 29. e5 Qe7 30. Bd5+ Kh8 31. Kg2 Nf5 32. Re2 Qd8 33. Be4 g6 34.
Bf3 Qd3 35. Qe4 Qxe4 36. Bxe4 Nd4 37. Re3 Re8 38. Bd5 Kg7 39. Kf2 Kh6 40. Kg2
Kg5 41. Bf7 Re7 42. e6 Kf6 43. Rc3 Nxe6 44. Bxe6 Kxe6 45. Rxc5 Rb7 46. Kf3 Kd6
47. Rg5 Kc6 48. Re5 Ra7 49. Re1 a4 50. bxa4 bxa4 51. Ra1 a3 52. Ke4 a2 53. Kd4
Kd6 54. g4 Ra4+ 55. Kd3 Ke5 56. Ke3 Ra3+ 57. Kf2 Kf4 0-1

[Event "Chigorin Memorial"]
[Site "St Petersburg"]
[Date "2015.10.09"]
[Round "7.133"]
[White "Ivanov, Nikolay A"]
[Black "Grinblat, Artemiy"]
[Result "0-1"]
[WhiteElo "1895"]
[BlackElo "2099"]
[PlyCount "83"]
[EventDate "2015.10.03"]
[EventRounds "9"]
[EventCountry "RUS"]

1. c4 e6 2. Nf3 d5 3. d4 c6 4. Nc3 dxc4 5. a4 Bb4 6. e3 b5 7. Bd2 a5 8. Be2 Bb7
9. O-O Bxc3 10. bxc3 Nd7 11. Qc2 Ngf6 12. e4 h6 13. e5 Nd5 14. Rfb1 Ba6 15. Qa2
N7b6 16. axb5 Bxb5 17. Qc2 O-O 18. Bd1 Qd7 19. Qe4 f5 20. exf6 Nxf6 21. Qh4 Qd8
22. Bc2 Nfd5 23. Qe4 Qf6 24. Re1 Nc7 25. Re2 Nd7 26. Rf1 a4 27. Qh7+ Kf7 28.
Ne5+ Ke8 29. f3 a3 30. Ree1 Nxe5 31. dxe5 Qe7 32. Be3 Nd5 33. Bf2 Nxc3 34. Rd1
Nd5 35. Rfe1 a2 36. Qg6+ Kd7 37. Bd4 Kc7 38. Qe4 Rf4 39. Qe2 Rxd4 40. Rxd4 a1=Q
41. Rdd1 Qa7+ 42. Kh1 0-1

[Event "Chigorin Memorial"]
[Site "St Petersburg"]
[Date "2015.10.09"]
[Round "7.134"]
[White "Ioffe, Ilya"]
[Black "Voronenkov, Sergey"]
[Result "1-0"]
[WhiteElo "2087"]
[BlackElo "1926"]
[PlyCount "53"]
[EventDate "2015.10.03"]
[EventRounds "9"]
[EventCountry "RUS"]

1. e4 c5 2. c3 Nf6 3. e5 Nd5 4. d4 cxd4 5. cxd4 d6 6. Nf3 Nc6 7. Bc4 dxe5 8.
dxe5 Ndb4 9. Qxd8+ Nxd8 10. Na3 a6 11. Bd2 Ndc6 12. O-O e6 13. Rfc1 Bd7 14. Nc2
b5 15. Be2 Nd5 16. Ncd4 Rc8 17. a4 Nxd4 18. Rxc8+ Bxc8 19. Nxd4 b4 20. Rc1 Bb7
21. Nb3 Nb6 22. Na5 Bd5 23. Bxa6 Be7 24. Bb5+ Kd8 25. Be3 Nd7 26. Ba6 Nb8 27.
Bb6+ 1-0

[Event "Chigorin Memorial"]
[Site "St Petersburg"]
[Date "2015.10.09"]
[Round "7.135"]
[White "Zhivotovskaya, Asya"]
[Black "Soldatov, Arnold"]
[Result "0-1"]
[WhiteElo "1810"]
[BlackElo "2085"]
[PlyCount "78"]
[EventDate "2015.10.03"]
[EventRounds "9"]
[EventCountry "RUS"]

1. c4 c5 2. Nc3 Nc6 3. g3 g6 4. Bg2 Bg7 5. e4 e5 6. Nge2 Nge7 7. d3 d6 8. Be3
O-O 9. Qd2 a6 10. f4 Nd4 11. h3 Rb8 12. g4 exf4 13. Bxf4 Nec6 14. O-O b5 15.
Ng3 bxc4 16. dxc4 Be6 17. b3 Qh4 18. Nge2 Qe7 19. Bg5 f6 20. Nxd4 Nxd4 21. Bf4
Qd7 22. Rad1 h5 23. gxh5 g5 24. Be3 Bxh3 25. Bxd4 cxd4 26. Nd5 Qg4 27. h6 Bxh6
28. Nxf6+ Rxf6 29. Rxf6 Bxg2 30. Rxh6 Bf3+ 31. Kh2 Bxd1 32. Qxd4 Qf4+ 33. Kg2
Bf3+ 34. Kf2 Bh5+ 35. Kg2 Qg4+ 36. Kh2 Qh4+ 37. Kg2 Bf3+ 38. Kxf3 Rf8+ 39. Ke2
Qxh6 0-1

[Event "Chigorin Memorial"]
[Site "St Petersburg"]
[Date "2015.10.09"]
[Round "7.136"]
[White "Palin, Denis"]
[Black "Mukhtarova, Viktoriya"]
[Result "1/2-1/2"]
[WhiteElo "2081"]
[BlackElo "1782"]
[PlyCount "134"]
[EventDate "2015.10.03"]
[EventRounds "9"]
[EventCountry "RUS"]

1. c4 Nf6 2. Nc3 g6 3. g3 Bg7 4. Bg2 O-O 5. e3 d6 6. Nge2 Nbd7 7. d3 e5 8. O-O
Re8 9. Rb1 a5 10. a3 Nf8 11. b4 axb4 12. axb4 c6 13. b5 Bd7 14. Bd2 h5 15. bxc6
bxc6 16. Rb7 Qc8 17. Qb1 Bh3 18. Qb6 Bxg2 19. Kxg2 Ne6 20. Rb1 Nd7 21. Qb4 Nec5
22. Rxd7 Qxd7 23. d4 exd4 24. exd4 Ne4 25. Nxe4 Rxe4 26. Be3 h4 27. h3 hxg3 28.
Kxg3 Qe7 29. Qd2 Qd7 30. Qb4 Rae8 31. Qd2 Bf6 32. Nc3 Rh4 33. Rh1 Kg7 34. Ne2
Reh8 35. Ng1 Qf5 36. f4 R4h5 37. Rh2 g5 38. Rg2 gxf4+ 39. Bxf4 Kh7 40. Kh2 Rg8
41. Rxg8 Kxg8 42. Bxd6 Qe4 43. Qe2 Rh4 44. Qxe4 Rxe4 45. d5 cxd5 46. cxd5 Be5+
47. Bxe5 Rxe5 48. Nf3 Rxd5 49. Kg3 Kg7 50. Kg4 Kf6 51. h4 Kg6 52. Kf4 f6 53.
Kg4 Ra5 54. Ne1 Ra4+ 55. Kf3 Kh5 56. Ng2 Rg4 57. Kf2 Rxg2+ 58. Kxg2 Kxh4 59.
Kf3 Kg5 60. Kg3 f5 61. Kf3 f4 62. Kf2 Kg4 63. Kg2 f3+ 64. Kf2 Kf4 65. Kf1 Kg3
66. Kg1 f2+ 67. Kf1 Kf3 1/2-1/2

[Event "Chigorin Memorial"]
[Site "St Petersburg"]
[Date "2015.10.09"]
[Round "7.137"]
[White "Sergeeva, Natalia"]
[Black "Zajtzeva, Viktoria"]
[Result "1-0"]
[WhiteElo "2077"]
[BlackElo "1891"]
[PlyCount "113"]
[EventDate "2015.10.03"]
[EventRounds "9"]
[EventCountry "RUS"]

1. e4 c5 2. Nf3 e6 3. d4 cxd4 4. Nxd4 Nc6 5. Nc3 Qc7 6. f4 a6 7. Nxc6 bxc6 8.
Bd3 Nf6 9. O-O d6 10. Qf3 e5 11. fxe5 dxe5 12. Qg3 Be6 13. Be3 Ng4 14. Bd2 h5
15. h3 Bc5+ 16. Kh1 Qa7 17. Nd1 a5 18. Rf3 Rb8 19. b3 Bg1 20. Qh4 Kd7 21. Qe1
Bb6 22. c4 Bd4 23. Rb1 a4 24. b4 Ke7 25. Bc3 Nf6 26. Bxd4 Qxd4 27. Ne3 Rhd8 28.
Nc2 Qa7 29. Qg3 Kf8 30. Qxe5 Rd7 31. Qc3 h4 32. Rf4 Rbd8 33. Ne1 Nh5 34. Rxh4
Ng3+ 35. Kh2 Qe3 36. Qc1 Qxc1 37. Rxc1 Rxd3 38. Rh8+ Ke7 39. Rxd8 Rxd8 40. Kxg3
Rd4 41. Kf3 f5 42. exf5 Bxf5 43. a3 Rd2 44. Rc3 Be6 45. Ke3 Rb2 46. g4 Rh2 47.
Kd4 Kd6 48. Re3 Rd2+ 49. Rd3 Rc2 50. Nf3 Re2 51. Ng5 Bg8 52. Ne4+ Kc7 53. Nc3
Rc2 54. Kc5 g5 55. Re3 Kd7 56. b5 cxb5 57. cxb5 1-0

[Event "Chigorin Memorial"]
[Site "St Petersburg"]
[Date "2015.10.09"]
[Round "7.138"]
[White "Caglar, Sila"]
[Black "Sazonova, Anastasia"]
[Result "0-1"]
[WhiteElo "1804"]
[BlackElo "2065"]
[PlyCount "128"]
[EventDate "2015.10.03"]
[EventRounds "9"]
[EventCountry "RUS"]

1. e4 c5 2. Nf3 e6 3. b3 a6 4. c4 Nc6 5. Bb2 Nf6 6. Nc3 Qc7 7. Be2 Nd4 8. O-O
Bd6 9. h3 Nxf3+ 10. Bxf3 Be5 11. Qc2 h5 12. Ne2 b6 13. d4 cxd4 14. Bxd4 Bb7 15.
Qc3 d6 16. Bxe5 dxe5 17. Qe3 Qc5 18. Qxc5 bxc5 19. Nc3 g5 20. g3 Rd8 21. Bg2
Rd4 22. Na4 Nd7 23. Rfd1 Ke7 24. Nc3 Rd8 25. Ne2 Rxd1+ 26. Rxd1 Nb8 27. Rxd8
Kxd8 28. Nc3 Ke7 29. Bf3 h4 30. gxh4 gxh4 31. Bh5 Nd7 32. Kf1 Nf6 33. Bf3 Nh7
34. Bg2 Ng5 35. f3 Bc6 36. Kf2 Nh7 37. Ke3 Nf8 38. f4 Kd6 39. fxe5+ Kxe5 40.
Ne2 f5 41. Nc3 Nh7 42. Na4 f4+ 43. Kd3 Bxa4 44. bxa4 a5 45. Bf3 Ng5 46. Bg4
Nxe4 47. Bxe6 Nf2+ 48. Ke2 Kxe6 49. Kxf2 Ke5 50. Kf3 Kf5 51. Kf2 Ke4 52. Ke2
Kd4 53. Kf3 Kxc4 54. Kxf4 Kd3 55. Kg5 c4 56. Kxh4 c3 57. Kg5 c2 58. h4 c1=Q+
59. Kg6 Qc6+ 60. Kg5 Ke4 61. h5 Qe6 62. a3 Ke5 63. h6 Qf5+ 64. Kh4 Kf4 0-1

[Event "Chigorin Memorial"]
[Site "St Petersburg"]
[Date "2015.10.09"]
[Round "7.139"]
[White "Shapar, Tatiana"]
[Black "Rivonenko, Vladislav"]
[Result "1-0"]
[WhiteElo "1804"]
[BlackElo "2090"]
[PlyCount "119"]
[EventDate "2015.10.03"]
[EventRounds "9"]
[EventCountry "RUS"]

1. e4 e6 2. d4 d5 3. exd5 exd5 4. Nf3 c6 5. Bd3 Bd6 6. O-O Ne7 7. Re1 O-O 8. c3
Nd7 9. Bg5 Re8 10. Qc2 Nf8 11. Nbd2 f6 12. Bh4 Bg4 13. Bg3 Qd7 14. Nh4 Rad8 15.
Re3 g5 16. Bxd6 Qxd6 17. Nf5 Nxf5 18. Bxf5 Qf4 19. Bxg4 Rxe3 20. fxe3 Qxg4 21.
Rf1 Qe2 22. Rxf6 Qxe3+ 23. Kf1 Re8 24. Nf3 Re7 25. Ne5 Nd7 26. Rf3 Qe4 27. Qxe4
dxe4 28. Rf5 Nxe5 29. dxe5 Rf7 30. g4 h6 31. Ke2 Rd7 32. Ke3 Kg7 33. Rf2 Kg6
34. Kxe4 Rd1 35. Ke3 Re1+ 36. Re2 Rg1 37. e6 Rd1 38. Kf3 Rf1+ 39. Kg3 Rf8 40.
e7 Re8 41. Kf3 Kf6 42. Re4 Rxe7 43. Rxe7 Kxe7 44. Ke4 Ke6 45. c4 a5 46. a4 Kf6
47. Kd4 b6 48. c5 bxc5+ 49. Kxc5 Ke5 50. Kxc6 Kf4 51. Kb5 Kxg4 52. Kxa5 Kh3 53.
b4 Kxh2 54. b5 g4 55. b6 g3 56. b7 g2 57. b8=Q+ Kh1 58. Qb7 Kg1 59. Qb6+ Kf1
60. Qf6+ 1-0

[Event "Chigorin Memorial"]
[Site "St Petersburg"]
[Date "2015.10.09"]
[Round "7.140"]
[White "Shemyakin, Valeriy"]
[Black "Polozhentsev, Maksim"]
[Result "0-1"]
[WhiteElo "2169"]
[BlackElo "1897"]
[PlyCount "54"]
[EventDate "2015.10.03"]
[EventRounds "9"]
[EventCountry "RUS"]

1. e3 Nf6 2. b3 d5 3. Bb2 e6 4. f4 a6 5. Nf3 Be7 6. d3 O-O 7. Nbd2 c5 8. Ne5
Nbd7 9. Ndf3 Nxe5 10. Nxe5 Nd7 11. Be2 Nxe5 12. Bxe5 d4 13. f5 Bh4+ 14. Kd2 Bg5
15. Kc1 Bxe3+ 16. Kb2 Qa5 17. Bg3 Bd2 18. Be1 Bc3+ 19. Bxc3 Qxc3+ 20. Kb1 exf5
21. Bf3 Rb8 22. Qe1 Qxe1+ 23. Rxe1 Be6 24. a4 a5 25. Re5 b6 26. Kb2 Rfe8 27.
Rae1 Bd7 0-1

[Event "Chigorin Memorial"]
[Site "St Petersburg"]
[Date "2015.10.09"]
[Round "7.141"]
[White "Malofeev, Alex"]
[Black "Rovnov, Vladislav"]
[Result "1-0"]
[WhiteElo "2141"]
[BlackElo "1895"]
[PlyCount "103"]
[EventDate "2015.10.03"]
[EventRounds "9"]
[EventCountry "RUS"]

1. e4 e6 2. Nf3 d5 3. Nc3 Nf6 4. Bd3 Be7 5. O-O O-O 6. Re1 c5 7. b3 Nc6 8. Bb5
Nd4 9. Bf1 b6 10. d3 Bb7 11. Nxd4 cxd4 12. e5 dxc3 13. exf6 Bxf6 14. d4 Qd7 15.
Re3 Rfc8 16. Rh3 g6 17. Bf4 Qd8 18. a4 a6 19. Qd3 Qd7 20. Qe3 Bg7 21. Re1 b5
22. axb5 axb5 23. Bh6 Bh8 24. Qf4 b4 25. Qh4 f5 26. Bg5 h5 27. Bf6 Kf7 28. Bxh8
Rxh8 29. Rhe3 Rhe8 30. Be2 Qe7 31. Qf4 Bc8 32. Bf3 Ra5 33. h4 Qd7 34. Qh6 Qd8
35. g3 Rh8 36. Qf4 Ra6 37. Be2 Rb6 38. Bd3 Qd6 39. Re5 Kg7 40. Ra1 Bb7 41. Qg5
Kf7 42. Rae1 Bc8 43. Ra1 Bb7 44. Ree1 Ba6 45. Qe3 Qc6 46. Ra4 Bxd3 47. Ra7+ Kg8
48. Qg5 Qe8 49. Re7 Qf7 50. cxd3 Rc6 51. Ra1 Rc7 52. Rxc7 1-0

[Event "Chigorin Memorial"]
[Site "St Petersburg"]
[Date "2015.10.09"]
[Round "7.142"]
[White "Chekletsov, Egor"]
[Black "Vorobyova, Valeriya"]
[Result "0-1"]
[WhiteElo "2082"]
[BlackElo "1850"]
[PlyCount "84"]
[EventDate "2015.10.03"]
[EventRounds "9"]
[EventCountry "RUS"]

1. e4 c5 2. Nf3 d6 3. Bb5+ Bd7 4. Bxd7+ Qxd7 5. O-O Nc6 6. Re1 Nf6 7. c3 g6 8.
d4 cxd4 9. cxd4 Bg7 10. Nc3 O-O 11. h3 Rac8 12. Qa4 Qd8 13. Be3 a6 14. Nd2 Nd7
15. Ne2 Nb6 16. Qa3 Nb8 17. Rac1 N8d7 18. Qb3 Rc6 19. d5 Nc5 20. Qa3 Rc8 21.
Bxc5 dxc5 22. Rxc5 Rxc5 23. Qxc5 Bxb2 24. Rb1 Na4 25. Qb4 b5 26. Rxb2 Nxb2 27.
Qxb2 Qd6 28. Nd4 Rc8 29. Nc6 e6 30. Nf3 exd5 31. exd5 Rc7 32. Qe5 Rd7 33. Qe8+
Kg7 34. Nfe5 Rb7 35. Qc8 Rc7 36. Qb8 Qc5 37. Nd3 Qd6 38. Nde5 f6 39. Qd8 Qxd8
40. Nxd8 Rc1+ 41. Kh2 fxe5 42. d6 Rd1 0-1

[Event "Chigorin Memorial"]
[Site "St Petersburg"]
[Date "2015.10.09"]
[Round "7.143"]
[White "Grishaev, Igor"]
[Black "Kakadzhanov, Timur"]
[Result "1-0"]
[WhiteElo "1922"]
[BlackElo "2082"]
[PlyCount "57"]
[EventDate "2015.10.03"]
[EventRounds "9"]
[EventCountry "RUS"]

1. d4 d5 2. c4 e6 3. Nf3 Nf6 4. Nc3 c6 5. cxd5 exd5 6. Qc2 Be7 7. Bf4 Bg4 8.
Ne5 Bh5 9. e3 Nbd7 10. Bd3 Nxe5 11. dxe5 Nd7 12. Bf5 Nf8 13. g4 Bg6 14. O-O-O
Ne6 15. Bg3 Qb6 16. h4 Bxf5 17. gxf5 Nc5 18. Bf4 O-O-O 19. Rd4 a5 20. Kb1 Na6
21. f6 gxf6 22. Nxd5 Rxd5 23. Rxd5 Nc7 24. Qf5+ Ne6 25. Rc1 Ba3 26. Rd2 Qb4 27.
Rdc2 fxe5 28. Qxe5 Rd8 29. Ka1 1-0